Design of concrete structures / (Record no. 159216)

MARC details
000 -LEADER
fixed length control field 00849nam a2200253 a 4500
003 - CONTROL NUMBER IDENTIFIER
control field OSt
005 - DATE AND TIME OF LATEST TRANSACTION
control field 20251110144915.0
008 - FIXED-LENGTH DATA ELEMENTS--GENERAL INFORMATION
fixed length control field
020 ## - INTERNATIONAL STANDARD BOOK NUMBER
International Standard Book Number 007071116X (hardback. )
040 ## - CATALOGING SOURCE
Transcribing agency NUST
Original cataloging agency NUST
Language of cataloging eng
Modifying agency NUST
Description conventions rda
050 ## - LIBRARY OF CONGRESS CALL NUMBER
Classification number TA683.2 WIN
100 1# - MAIN ENTRY--PERSONAL NAME
Personal name Winter, George
245 10 - TITLE STATEMENT
Title Design of concrete structures /
Statement of responsibility, etc. George Winter and Arthur H. Nilson.
260 ## - PUBLICATION, DISTRIBUTION, ETC.
Place of publication, distribution, etc. New York :
Name of publisher, distributor, etc. McGraw-Hill,
Date of publication, distribution, etc. ©1979.
300 ## - PHYSICAL DESCRIPTION
Extent xiii, 647 pages. :
Other physical details illustrations. ;
Dimensions 24 cm.
336 ## - CONTENT TYPE
Source rdacontent
Content type term text
Content type code txt
337 ## - MEDIA TYPE
Source rdamedia
Media type term unmediated
Media type code n
338 ## - CARRIER TYPE
Source rdacarrier
Carrier type term volume
Carrier type code nc
504 ## - BIBLIOGRAPHY, ETC. NOTE
Bibliography, etc. note Including Index
650 #1 - SUBJECT ADDED ENTRY--TOPICAL TERM
Topical term or geographic name entry element Reinforced concrete construction
650 ## - SUBJECT ADDED ENTRY--TOPICAL TERM
Topical term or geographic name entry element Prestressed concrete construction.
700 ## - ADDED ENTRY--PERSONAL NAME
Personal name Nilson, Arthur H.
942 ## - ADDED ENTRY ELEMENTS (KOHA)
Koha item type Ordinary Loan Books
Call number prefix TA683.2
Source of classification or shelving scheme Library of Congress Classification
Classification part TA683.2 WIN
Call number suffix WIN
Suppress in OPAC No
Holdings
Withdrawn status Lost status Source of classification or shelving scheme Damaged status Not for loan Collection Home library Current library Shelving location Date acquired Source of acquisition Cost, normal purchase price Total Checkouts Full call number Barcode Date last seen Accession number Cost, replacement price Price effective from Koha item type Public note
    LCC   1 NFIC MAIN MAIN GEN 11/10/2025 Book Aid International 80.00 1 TA683.2 WIN 92003017593 01/23/2023 1468 80.00 11/10/2025 BOOKS Donation
    LCC   1 NFIC MAIN MAIN GEN 11/10/2025 Book Aid International 80.00   TA683.2 WIN 92003017455 11/10/2025 1465 80.00 11/10/2025 BOOKS Donation
    LCC   1 NFIC MAIN MAIN GEN 11/10/2025 Book Aid International 80.00   TA683.2 WIN 92003017380 11/10/2025 1461 80.00 11/10/2025 BOOKS Donation
    LCC   1 NFIC MAIN MAIN GEN 11/10/2025 Book Aid International 80.00   TA683.2 WIN 92003017444 11/10/2025 1462 80.00 11/10/2025 BOOKS Donation
    LCC   1 NFIC MAIN MAIN GEN 11/10/2025 Book Aid International 80.00   TA683.2 WIN 92003017420 11/10/2025 1463 80.00 11/10/2025 BOOKS Donation
    LCC   1 NFIC MAIN MAIN GEN 11/10/2025 Book Aid International 80.00   TA683.2 WIN 92003017396 11/10/2025 1460 80.00 11/10/2025 BOOKS Donation
    LCC   1 NFIC MAIN MAIN GEN 11/10/2025 Book Aid International 80.00   TA683.2 WIN 92003016997 11/10/2025 1466 80.00 11/10/2025 BOOKS Donation